Statistics for The 18 Club Topscorers Of The Eredivisie in 2015/2016

Click here to take the quiz!

General Stats

  • This quiz has been taken 47 times
  • The average score is 7 of 18

Answer Stats

#GoalsPlayer% Correct
PSV26Luuk de Jong
92%
AZ27Vincent Janssen
82%
Feyenoord19Dirk Kuyt
77%
FC Utrecht17Sébastien Haller
62%
AFC Ajax21Arkadiusz Milik
59%
FC Twente17Hakim Ziyech
49%
NEC16Christian Santos
44%
PEC Zwolle14Lars Veldwijk
41%
ADO Den Haag16Mike Havenaar
38%
FC Groningen9Michael de Leeuw
36%
Heracles Almelo12Wout Weghorst
33%
De Graafschap9Vincent Vermeij
31%
Cambuur9Bartholomew Ogbeche
23%
Excelsior11Tom van Weert
23%
SC Heerenveen10Mitchell te Vrede
18%
Willem II11Erik Falkenburg
15%
Roda JC8Tom van Hyfte
13%
Vitesse10Valeri Qazaishvili
8%

Score Distribution

Percentile by Number Answered

Percent of People with Each Score

Your Score History

You have not taken this quiz